000 01533cam a22001814a 4500
005 20250605164354.0
008 250528s ||||||||||||||||||||||||d
035 _a24227
040 _aGR-AtMCL
_bgre
_dGR-AtMCL
_eAACR2
245 1 _aΑφιέρωμα στις Σύγχρονες Απεικονιστικές Μεθόδους
260 _bΥγεία,
_c2020
300 _a48
520 _aΑθηρογένεση ή Παθοφυσιολογία της Αθηροσκλήρυνσης, Μελέτη Ενδοθήλιου - Αθηρωματικής Πλάκας με Υπερηχογράγημα, Απεικονιστική Διερεύνηση Περιφερικών Αγγείων με Αξονική Τομογραφία, Ακτινολογική Διερεύνηση Ιδιοπαθούς και Δευτεροπαθούς Υπέρτασης - Ο Ρόλος της Σύγχρονης Απεικόνισης, Φυσιολογία των Στεφανιαίων Αγγείων και Επεμβατική Εκτίμηση Μυοκαρδιακής Ισχαιμίας, Ο Ρόλος της Αξονικής Στεφανιογραφίας στην Εκτίμηση της Στεφανιαίας Νόσου, Σπινθηρογράφημα Μυοκαρδίου: Ο Ρόλος του Stress Echo, Ο Ρόλος του Stress Perfusion MRI στην Καρδιά, Όμιλος ΥΓΕΙΑ - Συνέδρια.
700 1 _aΑποστολάκης Ιωάννης
_99425
942 _cCR
999 _c9120
_d9120